Statistiken für Länder in einem Ring auf der Weltkarte

Klicken Sie hier um das Quiz zu spielen!

Allgemein

  • Dieses Quiz wurde 2,621 mal gespielt
  • Das Durchschnittsergebnis liegt bei 27 aus 31

Antwortstatistiken

Land % Korrekt
Vereinigte Staaten
100%
Spanien
99%
Mexiko
99%
Kanada
99%
Irland
98%
Vereinigtes Königreich
98%
Island
98%
Frankreich
98%
Dänemark (Grönland)
97%
Brasilien
97%
Panama
95%
Marokko
95%
Venezuela
93%
Kolumbien
93%
Algerien
92%
Andorra
88%
Honduras
84%
Costa Rica
84%
Mali
83%
Nicaragua
82%
Guyana
82%
Guatemala
80%
Suriname
79%
El Salvador
79%
Mauretanien
78%
Belize
78%
Senegal
77%
Guinea
74%
Gambia
65%
Guinea-Bissau
65%
Sierra Leone
64%

Verteilung der Resultate

Perzentil nach korrekt beantworteten Fragen

Anzahl Personen mit jedem Resultat

Ihre Resultats-Entwicklung

Sie haben dieses Quiz noch nicht gespielt